000 01266cam a2200349 i 4500
001 24742
003 Mx-PuUPA
005 20250609125337.0
008 140415s1997 mx a gr 001 0 spa d
020 _a9501231674
040 _aMx-PuUPA
_bspa
_cMx-PuUPA
_dMx-PuUPA
_erda
041 0 _aspa
100 1 _aSivak, Roberto,
_eautor
_917023
245 1 0 _aAlexitimia, la dificultad para verbalizar afectos :
_bteoría y clínica /
_cRoberto Sivak y Adriana Wiater ; con la colaboración de Fernando Lolas
250 _a1a.dición
264 1 _aMéxico :
_bEditorial Paidós Mexicana,
_c1997
300 _a191 páginas :
_btablas
_c22 cm
336 _2rdacontent
_atexto
_btxt
337 _2rdamedia
_asin medio
_bn
338 _2rdacarrier
_avolumen
_bnc
490 0 _aPsicología, Psiquiatría y Psicoterapia ;
_v167
650 7 _2armarc
_aAlexitimia
650 7 _2armarc
_aTrastornos afectivos
650 7 _2armarc
_aTrastornos de la personalidad
650 7 _2armarc
_aAfecto (Psicología)
700 1 _aWiater, Adriana,
_eautor
700 1 _aLolas, Fernando,
_ecolaborador
942 _2ddc
_cLI
_h616.8527
_iS62
999 _c24742
_d24742